| 000 | 00446nam a22001817a 4500 | ||
|---|---|---|---|
| 003 | MPLRDC | ||
| 005 | 20220104153042.0 | ||
| 008 | 210129b ||||| |||| 00| 0 eng d | ||
| 082 | _a191 LSLB | ||
| 100 | _a罗桑.伦巴原著 | ||
| 245 |
_a生命不死 _c胡英音译 |
||
| 250 | _a五版 | ||
| 260 |
_a _b天华出版公司 _c1989 |
||
| 300 | _b平 | ||
| 490 | _a天华璎珞从刊之60 | ||
| 650 | _a人生哲学 | ||
| 942 |
_cBK _o191 LSLB |
||
| 999 |
_c53230 _d53220 |
||